| 000 | 00433nam a22001697a 4500 | ||
|---|---|---|---|
| 003 | NUST - PNEC | ||
| 005 | 20170116180920.0 | ||
| 008 | 150904b xxu||||| |||| 00| 0 eng d | ||
| 020 | _a- | ||
| 040 | _cLIBRARY | ||
| 082 | _a623.54 ROS | ||
| 100 |
_97735 _aRosser, J. Barkley |
||
| 245 |
_aMathematical theory of rocket flight _cJ. Barkley Rosser |
||
| 260 | _cc.1947 | ||
| 650 |
_97737 _aRockets (Ordnance) _xME |
||
| 942 |
_2ddc _cBK |
||
| 999 |
_c65601 _d65601 |
||